| 000 | 00864nam a2200277 i 4500 | ||
|---|---|---|---|
| 001 | 10705 | ||
| 003 | ES-MaACL | ||
| 005 | 20250514194845.0 | ||
| 007 | t| | ||
| 008 | 930113s1991 sp ||||0| spa d | ||
| 016 | 7 | _zCHM930014364 | |
| 020 | _a8486351197 | ||
| 040 |
_aCHM _bspa _cCHM |
||
| 080 | _a860-94"19" | ||
| 100 | 0 |
_aAlbornoz, Aurora de, _d1926-1990 _919411 |
|
| 245 | 1 | 0 |
_aCronilíricas _b: (collage) / _cAurora de Albornoz ; prólogo de José Manuel Caballero Bonald. |
| 250 | _a[1ª ed.]. | ||
| 260 |
_aMadrid : _bDevenir, _c1991. |
||
| 300 |
_a149 p. ; _c20 cm. |
||
| 490 | 1 |
_aDevenir. Serie Poesía ; _v39 |
|
| 700 | 1 |
_aCaballero Bonald, José Manuel, _d1926-2021 _9226628 |
|
| 830 | 0 | 0 |
_aDevenir. _pSerie Poesía ; _v39 _9236243 |
| 852 |
_aES-MaACL _jP-1931 Nº 39 _bR.122641 _910998 |
||
| 942 | _2udc | ||
| 999 |
_c10705 _d10705 |
||